000 00586nam a2200217Ia 4500
003 OSt
005 20230511162627.0
008 210423s2011 xx 000 0 und d
020 _a9789350250587
040 _cAL
041 _aeng
082 _a574.19202 VASD
_223
100 _aVASUDEVAN (D M);others.
_9103874
245 _aRevision exercises: based on textbook of biochemistry.
250 _a6
260 _aNew Delhi
_bJaypee Brothers
_c2011
300 _a280
_bPB
365 _cINR
906 _abased ; biochemistry. ; exercises: ; Revision ; textbook
942 _2ddc
_cBK
999 _c164685
_d164685